Komparácia ekonomík škandinávskych štátov – Nórska, Švédska a Fínska bakalárska práca

Na minha lista:
Detalhes bibliográficos
Autor principal: Gdovjak, Roman
Autor Corporativo: Fakulta medzinárodných vzťahov EU. Katedra medzinárodných ekonomických vzťahov a hospodárskej diplomacie
Outros Autores: Bittmannová, Bianka
Formato: Livro
Idioma:eslovaco
Publicado em: Bratislava 2015
Tags: Adicionar Tag
Sem tags, seja o primeiro a adicionar uma tag!

MARC

LEADER 00000nbm a2200000 4500
001 0202642
005 20161212100232.0
041 0 |a slo 
044 |a SK 
245 1 0 |a Komparácia ekonomík škandinávskych štátov – Nórska, Švédska a Fínska  |b bakalárska práca  |c Roman Gdovjak ; školiteľ: Bianka Bittmannová 
264 1 |a Bratislava  |c 2015 
300 |a 69 s. 
100 1 |a Gdovjak, Roman 
700 1 |a Bittmannová, Bianka 
710 2 |a Fakulta medzinárodných vzťahov EU. Katedra medzinárodných ekonomických vzťahov a hospodárskej diplomacie